| 000 | 01252nam a22002417a 4500 | ||
|---|---|---|---|
| 999 |
_c21683 _d21683 |
||
| 003 | AR-CdUCM | ||
| 008 | 190425b ||||| |||| 00| 0 spa d | ||
| 040 |
_aMUNICIPALIDAD PROVINCIAL DEL CUSCO _cBIBLIOTECA MUNICIPAL DEL CUSCO |
||
| 082 |
_aRev.Univ/N°5/1913 _bRev.Univ/N°5/1913 |
||
| 110 |
_aUniversidad Nacional de San Antonio Abad del Cusco _915942 |
||
| 245 |
_aRevista Universitaria : _bÓrgano de la Universidad del Cuzco / |
||
| 260 |
_aCusco : _bEl Trabajo, _cjunio 1913. |
||
| 300 |
_a60 páginas. : _c20 cm. |
||
| 440 |
_aRevista Universitaria _nAño II, junio 1913, N°5 _945778 |
||
| 505 | _aContenido: Informe sobre los trabajos científicos de la expedición de la Universidad de Yale. Por José Gabriel Cosio. -- Discurso de apertura del año académico de 1913 sobre el servicio militar obligatorio. Por Eufrasio Álvarez. -- Crani peruana. por José Coello y Mesa. -- Discurso fúnebre en honor del Dr. Felipe Santiago Paredes. Por Eufrasio Álvarez. -- Crónica Universitario. | ||
| 650 |
_aArqueología _9371 |
||
| 650 |
_aEusebio Corazao _96010 |
||
| 650 |
_aSiglo XX _945779 |
||
| 650 |
_aHistoria del Cusco _91714 |
||
| 710 |
_aUniversidad Nacional de San Antonio Abad del Cusco _915942 |
||
| 942 |
_2ddc _cPP |
||
| 945 | _arac | ||